BEDSIDE CLINICS IN MEDICINE / (Record no. 797091)

MARC details
000 -LEADER
fixed length control field 00452pam a2200169 a 4500
020 ## - INTERNATIONAL STANDARD BOOK NUMBER
International Standard Book Number 9780195692099
Terms of availability 795.00
041 ## - LANGUAGE CODE
Language code of text/sound track or separate title eng
Language code of original NULL
082 ## - DEWEY DECIMAL CLASSIFICATION NUMBER
Classification number 616.025
Item number UDW
100 ## - MAIN ENTRY--PERSONAL NAME
Personal name UDWADIA, F. F.
245 ## - TITLE STATEMENT
Title BEDSIDE CLINICS IN MEDICINE /
Statement of responsibility, etc. NULL.
Medium Textual Documents
260 ## - PUBLICATION, DISTRIBUTION, ETC.
Place of publication, distribution, etc. NULL :
Name of publisher, distributor, etc. OXFORD UNIVERSITY PRESS ,
Date of publication, distribution, etc. 2007.
300 ## - PHYSICAL DESCRIPTION
Extent 386 :
Other physical details XI ;
Dimensions A4 .
365 ## - TRADE PRICE
Price type code 795.00
650 ## - SUBJECT ADDED ENTRY--TOPICAL TERM
Topical term or geographic name entry element GEN.MEDICINE
930 ## - EQUIVALENCE OR CROSS-REFERENCE-UNIFORM TITLE HEADING [LOCAL, CANADA]
Uniform title 2556
Holdings
Withdrawn status Lost status Damaged status Not for loan Home library Current library Date acquired Source of acquisition Cost, normal purchase price Total Checkouts Full call number Barcode Date last seen Copy number Price effective from Koha item type
        Medical College & Hospital, Sangli Medical College & Hospital, Sangli 29/05/2008 B.M.S.G.B.PUNE 795.00   616.025 UDW MCS-6151 26/07/2023 1 26/07/2023 Book